| 000 | 00776nam a22002297a 4500 | ||
|---|---|---|---|
| 003 | NUST | ||
| 005 | 20210929110922.0 | ||
| 008 | 210929b ||||| |||| 00| 0 eng d | ||
| 038 | _aArshad | ||
| 040 | _aNUST | ||
| 082 |
_a925 _bCHA |
||
| 100 |
_6100-01 _aMuhammad Iqbal, Chuadhary _982855 |
||
| 245 |
_6245-02 _aProfessor Ata ur Rehman: _bek ahad saz shakhsiyat/ _cMuhammad Iqbal Chaudhary |
||
| 260 |
_6260-03 _aKarachi: _bRiz Printer, _c2012 |
||
| 300 | _a344 p. | ||
| 563 | _aPBK | ||
| 650 |
_aBiography --Ata ur Rehman _97002 |
||
| 880 |
_6100-01)3\r _aمحمد اقبال چوہدری |
||
| 880 |
_6245-02)3\r _aپروفیسر عطاء الرحمن: _bایک عہد ساز شخصیت |
||
| 880 |
_6260-03)3\r _aکراچی _bرز پرنٹرز، _c2012 |
||
| 942 |
_2ddc _cBK |
||
| 999 |
_c586479 _d586479 |
||